| 000 | 02139cam a22003257i 4500 | ||
|---|---|---|---|
| 999 |
_c12092 _d12092 |
||
| 003 | OSt | ||
| 005 | 20231223171858.0 | ||
| 008 | 130222t20132013sz ae b 001 0 eng d | ||
| 020 | _a9783037783054 | ||
| 035 | _a(OCoLC)ocn839412367` | ||
| 043 | _ae-sz--- | ||
| 100 |
_d724.6 _qDUM |
||
| 245 | 0 | 0 |
_aLe Corbusier's Pavilion for Zurich : _bmodel and prototype of an ideal exhibition space / _cCatherine Dumont d'Ayot ; in collaboration with Tim Benton. |
| 246 | 3 | 0 | _aModel and prototype of an ideal exhibition space |
| 300 |
_a223 pages : _bchiefly illustrations (some color), color plans ; _c25 cm. |
||
| 500 | _a"CLIENT: Heidi Weber. ARCHITECTS: Concept: Le Corbusier ; site supervision 1961-February 1966: Willy Boesiger ; construction supervision April 1966-July 1967: Alain Tavès and Robert Rebutato. ENGINEERS: Steel structure: Louis Fruitet ; façade studies: Jean Prouvé." | ||
| 504 | _aIncludes bibliographical references and index. | ||
| 505 | 0 | _aThe pavillion as a manifesto and legacy / Uta Hassler -- Le Corbusier's heritage / Patrick Gmur -- The genesis of an ideal exibition pavillion / Catherine Dumont d'Ayot -- Drawings and plans / Le Corbusier -- LCZH: Le Corbusier's last great work? / Tim Benton -- Centre Le Corbusier, 1967 / Bernhard Hoesli -- A conversation with Heidi Weber / Pierre-Alain Croset -- Timeline -- Contemporary account / Alain Taves, Robert Rebutato -- Final design plan, 1966-1967 / Alain Taves, Robert Rebutato -- Centre Le Corbusier, 1966-1967 / Jurg Gasser. | |
| 600 | 0 | 0 |
_aLe Corbusier, _d1887-1965 _xCriticism and interpretation. |
| 600 | 1 | 0 |
_aWeber, Heidi _xArt collections. |
| 610 | 2 | 0 |
_aHeidi Weber Museum, Centre Le Corbusier _xHistory. |
| 650 | 0 |
_aArchitects _zFrance _vDesigns and plans. |
|
| 650 | 0 |
_aExhibition buildings _zSwitzerland _zZurich _xDesign and construction. |
|
| 650 | 0 |
_aMuseum architecture _zSwitzerland _zZurich. |
|
| 650 | 0 |
_aArchitectural design _zSwitzerland _zZurich. |
|
| 700 | 1 |
_aDumont d'Ayot, Catherine, _eeditor of compilation. |
|
| 700 | 1 |
_aBenton, Tim, _d1945-, _eeditor of compilation. |
|
| 700 | 0 |
_aLe Corbusier, _d1887-1965, _earchitect. |
|
| 942 | _2ddc | ||